Ergebnisse der Physiologie Reviews of Physiology, Volume 65 /

Bibliographic Details
Corporate Author: SpringerLink (Online service)
Other Authors: Adrian, R. H. (Editor), Helmreich, E. (Editor), Holzer, H. (Editor), Jung, R. (Editor), Kramer, K. (Editor), Krayer, O. (Editor), Lynen, F. (Editor), Miescher, P. A. (Editor), Rasmussen, H. (Editor), Renold, A. E. (Editor), Trendelenburg, U. (Editor), Vogt, W. (Editor), Weber, H. H. (Editor)
Format: eBook
Language:English
Published: Berlin, Heidelberg : Springer Berlin Heidelberg, 1972.
Series:Ergebnisse der physiologie, biologischen Chemie und experimentellen Pharmakologie ; 65.
Subjects:
Online Access:Connect to the full text of this electronic book

MARC

Tag First Indicator Second Indicator Subfields
LEADER 00000cam a2200000Mi 4500
001 in00003545821
006 m o d
007 cr nn|008mamaa
008 110324s1972 gw o 000 0 eng
005 20260420212519.4
020 |a 9783540374626 
020 |a 3540374620 
024 7 |a 10.1007/3-540-05814-1  |2 doi 
035 |a (OCoLC)864681449 
040 |a Nz  |b eng  |e pn  |c UV0  |d OCLCO  |d OCLCQ  |d OCLCF  |d UtOrBLW 
049 |a TXAM 
050 4 |a R1 
072 7 |a MB  |2 bicssc 
072 7 |a MED000000  |2 bisacsh 
082 0 4 |a 610  |2 23 
100 1 |a Adrian, R. H.,  |e editor. 
245 1 0 |a Ergebnisse der Physiologie Reviews of Physiology, Volume 65 /  |c edited by R.H. Adrian, E. Helmreich, H. Holzer, R. Jung, K. Kramer, O. Krayer, F. Lynen, P.A. Miescher, H. Rasmussen, A.E. Renold, U. Trendelenburg, W. Vogt, H.H. Weber. 
264 1 |a Berlin, Heidelberg :  |b Springer Berlin Heidelberg,  |c 1972. 
300 |a 1 online resource. 
336 |a text  |b txt  |2 rdacontent 
337 |a computer  |b c  |2 rdamedia 
338 |a online resource  |b cr  |2 rdacarrier 
347 |a text file  |b PDF  |2 rda 
490 1 |a Ergebnisse der physiologie, biologischen Chemie und experimentellen Pharmakologie,  |x 0080-2042 ;  |v 65 
500 |a Electronic resource. 
650 0 |a Medicine. 
650 0 |a Chemistry. 
650 0 |a Pharmacy. 
650 0 |a Life sciences. 
650 7 |a Chemistry.  |2 fast  |0 (OCoLC)fst00853344 
650 7 |a Life sciences.  |2 fast  |0 (OCoLC)fst00998323 
650 7 |a Medicine.  |2 fast  |0 (OCoLC)fst01014893 
650 7 |a Pharmacy.  |2 fast  |0 (OCoLC)fst01060285 
655 7 |a Electronic books.  |2 local 
700 1 |a Helmreich, E.,  |e editor. 
700 1 |a Holzer, H.,  |e editor. 
700 1 |a Jung, R.,  |e editor. 
700 1 |a Kramer, K.,  |e editor. 
700 1 |a Krayer, O.,  |e editor. 
700 1 |a Lynen, F.,  |e editor. 
700 1 |a Miescher, P. A.,  |e editor. 
700 1 |a Rasmussen, H.,  |e editor. 
700 1 |a Renold, A. E.,  |e editor. 
700 1 |a Trendelenburg, U.,  |e editor. 
700 1 |a Vogt, W.,  |e editor. 
700 1 |a Weber, H. H.,  |e editor. 
710 2 |a SpringerLink (Online service) 
776 1 8 |i Printed edition:  |z 9783540058144 
830 0 |a Ergebnisse der physiologie, biologischen Chemie und experimentellen Pharmakologie ;  |v 65.  |x 0080-2042 
856 4 0 |u http://proxy.library.tamu.edu/login?url=https://link.springer.com/10.1007/3-540-05814-1  |z Connect to the full text of this electronic book  |t 0 
994 |a 92  |b TXA 
999 |a MARS 
999 f f |s 8de3b2a9-7eac-3b13-a0e6-d9126b846748  |i 59abfa5b-8b82-3b5a-a173-3ba0440c192c  |t 0 
952 f f |a Texas A&M University  |b College Station  |c Electronic Resources  |s www_evans  |d Available Online  |t 0  |e R1  |h Library of Congress classification 
998 f f |a R1  |t 0  |l Available Online